Open Data Biblioteca Nacional de Portugal


República Portuguesa: Ministério da Cultura
Biblioteca Nacional de Portugal

Catálogo da BNP: acesso por Identificadores Unívocos
Registos Bibliográficos associados ao registo de autoridade

Etiqueta de registo: 00230nam 2200025 450
001 1369720
003 http://id.bnportugal.gov.pt/bib/catbnp/1369720
100 ## $a20060505d2004 k y0pory0103 ba
101 0# $apor
102 ## $aPT
105 ## $aa m 001yy
106 ## $ar
200 1# $aOvisungo vyo umbanda num género performativo em mudança do sudoeste angolano$bTexto policopiado]$fMaria Marcelina Gomes$gorient. João Soeiro de Carvalho
210 #9 $aLisboa$c[s.n.],$d2004
215 ## $aV, 186, [15] f., [1] f. desdobr.$cil.$d30 cm
320 ## $aContém bibliografia
328 #0 $bTese mestr.$cCiência Musicais (esp. Etnomusicologia)$eDep. de Ciências Musicais, Fac. de Ciências Sociais e Humanas, Univ. Nova de Lisboa$d2004
606 ## $aAngolanos$xIdentidade cultural$xImportância da medicina tradicional$yAngola (Sudeste)$z1975-2000$x[Teses]$2SIPOR$31272244
675 ## $a39(673)"1975/2000"(043)$vBN$zpor$31262545
675 ## $a316.72/.73(673)"1975/2000"(043)$vBN$zpor$31262546
700 #1 $aGomes,$bMaria Marcelina$31238645
702 #1 $aCarvalho,$bJoão Soeiro de,$f1959-$4727$31019410
712 02 $aUniversidade Nova de Lisboa.$bFaculdade de Ciências Sociais e Humanas.$bDepartamento de Ciências Musicais$4295$31213137
801 #0 $aPT$bBN$gRPC
966 ## $lBN$mFGMON$sS.C. 106625 V.$x1

Etiqueta de registo: 00254nam 2200025 450
001 2284341
003 http://id.bnportugal.gov.pt/bib/catbnp/2284341
100 ## $a20260414d2024 k y0pory01030103ba
101 0# $apor$deng
102 ## $aPT
105 ## $aa m 000yy
106 ## $ar
200 1# $aTradição e interculturalidade na sociedade contemporânea$e um estudo de caso sobre o papel da autoridade Ohamba na província da Huíla em Angola$fMaria Marcelina Gomes$gorient. Lúcio Manuel Gomes de Sousa
210 #9 $a[S.l.$cs.n.],$d2024
215 ## $aXVII, 245, [28] p.$cil.$d30 cm
328 #1 $aTese dout. Relações Interculturais, Universidade Aberta, 2024
675 ## $a316.72(=1:673)(043)$vBN$zpor$31863373
700 #1 $aGomes,$bMaria Marcelina$31238645
702 #1 $aSousa,$bLúcio Manuel Gomes de$4727$31892945
801 #0 $aPT$bBN$gRPC
966 ## $lBN$mFGMON$sS.C. 169146 V.$x1
971 ## $cisantos$d20260414
972 ## $e0$z0$d20260525$vlrevez
973 ## $cigoulao$d20260519

OpendataBNP@bnportugal.pt | Mais informação sobre acesso aos dados BNP